LEADER 00783nam0-22003011i-450 001 990000981290403321 005 20190620131546.0 035 $a000098129 035 $aFED01000098129 035 $a(Aleph)000098129FED01 035 $a000098129 100 $a20000920d1961----km-y0itay50------ba 101 0 $aeng 200 1 $aSeparation of Heavy Metals$fby Anil K. De 210 $aOxford [etc.]$cPergamon Press$d1961 610 0 $aChimica analitica 676 $a543 700 1$aDe,$bAnil K.$046121 801 0$aIT$bUNINA$gRICA$2UNIMARC 901 $aBK 912 $a990000981290403321 952 $aDCH-067-17$b8306$fDCH 952 $a36C-019$b2901$fFI1 959 $aDCH 959 $aFI1 996 $aSeparation of Heavy Metals$9353387 997 $aUNINA DB $aING01 LEADER 01327nam 2200337Ia 450 001 996384556103316 005 20200824132522.0 035 $a(CKB)4940000000075101 035 $a(EEBO)2240932974 035 $a(OCoLC)ocm12116501e 035 $a(OCoLC)12116501 035 $a(EXLCZ)994940000000075101 100 $a19850604d1643 uy | 101 0 $aeng 135 $aurbn||||a|bb| 200 14$aThe noble-mans patterne of true and reall thankfulnesse$b[electronic resource] $epresented in a sermon preached before the Right Honourable House of Lords, at their late solemne day of Thanksgiving, June 15, 1643 : for the discovery of a dangerous, desperate and bloody designe tending to the utter subversion of the Parliament and of the famous city of London /$fby Edmund Calamy .. 210 $aLondon $cPrinted by G.M. for Christopher Meredith ...$d1643 215 $a[6], 59 p 300 $aReproduction of original in Bodleian Library. 330 $aeebo-0014 606 $aSermons, English$y17th century 615 0$aSermons, English 700 $aCalamy$b Edmund$f1600-1666.$01002065 801 0$bEAA 801 1$bEAA 801 2$bm/c 801 2$bWaOLN 906 $aBOOK 912 $a996384556103316 996 $aThe noble-mans patterne of true and reall thankfulnesse$92364847 997 $aUNISA